Мифологические размышления: Лекции по феноменологии мифа

Bibliografiske detaljer
Hovedforfatter: Пятигорский А. М. Александр Моисеевич
Sprog:russisk
Udgivet: Москва, Языки русской культуры, 1996
Fag:
Format: Bog
KOHA link:https://koha.lib.tpu.ru/cgi-bin/koha/opac-detail.pl?biblionumber=10507

MARC

LEADER 00000nam0a2200000 4500
001 10507
005 20231030183047.0
010 |a 5785900025 
035 |a (RuTPU)RU\TPU\book\10568 
035 |a BOOK00010634 
090 |a 10507 
100 |a 20011209d1996 m y0rusy50 ca 
101 0 |a rus 
102 |a RU 
105 |a y j 000zy 
200 1 |a Мифологические размышления  |e Лекции по феноменологии мифа  |f А. М. Пятигорский 
210 |a Москва  |c Языки русской культуры  |d 1996 
215 |a 280 с. 
610 1 |a мифы 
610 1 |a мифология 
610 1 |a философия 
610 1 |a феноменология 
686 |a Э31  |v LBC/SL-A  |2 rubbk 
686 |a Ю3(0)6-661  |v LBC/SL-A  |2 rubbk 
700 1 |a Пятигорский  |b А. М.  |g Александр Моисеевич 
801 0 |a RU  |b 63413507  |c 20011209  |g PSBO 
801 2 |a RU  |b 63413507  |c 20231006  |g PSBO 
942 |c BK